Human rights in Nicaragua under the sandinistas from revolution to repression

Gespeichert in:
Bibliographische Detailangaben
Körperschaft: United States Department of State
Format: Text
Veröffentlicht: Washington D.C.: Department of State
Tags: Tag hinzufügen
Keine Tags, Fügen Sie den ersten Tag hinzu!

MARC

LEADER 00000 a a2200000 04500
001 24478
003
040
090 |a 167500  
110 |a United States Department of State  
245 |a Human rights in Nicaragua under the sandinistas from revolution to repression  
260 |a Washington D.C.:   |b Department of State  
300 |a 246 p.   |b il.   |b map.  
999 |c 13017  |d 13017